000 00450nam a2200169Ia 4500
008 230711s9999||||xx |||||||||||||| ||und||
020 _a978-81-269-1045-8
041 _aENG
082 _a671.35
_bAD-U
100 _aAdithan, M
245 0 _aUnconventional Machining Processes
250 _a1st Ed.
260 _c2013
_aNew Delhi
_bAtlantic Publishers and Distributors ( P) Ltd
300 _a299p.
650 _aMechanical Engineering
942 _cBK
999 _c6675
_d6675